Costa Rica: evolución económica durante 1993 /

Αποθηκεύτηκε σε:
Λεπτομέρειες βιβλιογραφικής εγγραφής
Συλλογικό Έργο: UN, CEPAL
Μορφή: Κείμενο
Έκδοση: México D.F.: NU
Ετικέτες: Προσθήκη ετικέτας
Δεν υπάρχουν, Καταχωρήστε ετικέτα πρώτοι!

MARC

LEADER 00000 a a2200000 04500
001 24421
003
040
090 |a 175200  
110 |a UN  
245 |a Costa Rica: evolución económica durante 1993 /  |c UN  
260 |a México D.F.:   |b NU  
300 |a 41 p.   |b **no definido**  
710 |a CEPAL  
999 |c 16465  |d 16465